Polimino /

Saved in:
Bibliographic Details
Main Author: Golomb, Solomon W (Author)
Other Authors: Firsov, V (Translator)
Format: Book
Language:Russian
Published: Moskva : Mir, 1975
Tags: Add Tag
No Tags, Be the first to tag this record!

MARC

LEADER 00000nam a22000003a 4500
001 stu36487
005 20150617225726.3
008 920608s1975----xxr-----------------rus-d
040 |a STU  |b slo 
041 0 |a rus 
044 |a xxr 
100 1 |a Golomb, Solomon W  |4 aut 
245 1 |a Polimino /  |c [aut.]Solomon W. Golomb; Z angl. V. Firsov 
260 |a Moskva :  |b Mir,  |c 1975 
300 |a 206 s 
700 1 |a Firsov, V  |4 trl 
996 |b 284M011897  |c M*5918-1  |l MMKN  |s A  |a 24  |w stu36487_0001